| 000 | 00996nam a2200301 c 4500 | ||
|---|---|---|---|
| 999 |
_c115252 _d115252 |
||
| 003 | BLK | ||
| 005 | 20200429151721.0 | ||
| 008 | 180409b bul|||||r ||||||| ||bul|| | ||
| 010 | _aKNG00120729000 | ||
| 040 | _aBLK | ||
| 041 |
_aDEU _cDEU |
||
| 080 |
_aХудожествени предмети от стъкло и кристал. Витражно изкуство _b748 _z748 |
||
| 100 | 1 |
_aHaase, Gisela _eпърви автор _912096 |
|
| 139 |
_aHaase, Gisela _bH 11 _gХ 12 Ж |
||
| 245 | 1 | 0 |
_aSachsisches Glas _cGisela Haase. |
| 257 | _aDEU | ||
| 260 |
_bE. A. Seemann _c1988 |
||
| 300 |
_a380с. _bс ил. _c30 см |
||
| 380 | _a7 | ||
| 650 | 4 |
_aСтъкло _9172725 |
|
| 653 | _aстъкло | ||
| 653 | _aстъклопис | ||
| 852 | _aЦб ІІ 7353 | ||
| 856 | 4 | _qpdf | |
| 856 | 4 | _qpdf | |
| 942 |
_cKNG _n0 _s1 |
||
| 944 |
_aCR _c11.01.2011 _lдобави в АБ / 10.01.2011 _kНаталия_Любомирова |
||
| 944 |
_aED _c24.09.2015 _lдобави в АБ / 10.01.2011 _kИрена_Линкова |
||
| 999 | _d115252 | ||